000 01286cam a2200361 i 4500
001 34259
003 Mx-PuUPA
005 20250410131224.0
008 140415s1999 cl a gr 000 0 spa d
017 _aB-51.446-1999
020 _a8495407027
040 _cmx
_aMx-PuUPA
_bspa
_dMx-PuUPA
_erda
041 1 _aspa
_heng
100 1 _aBehe, Michael J.,
_d1952-
_eautor
_916961
240 1 0 _aDarwin's black box.
_lEspañol
245 1 3 _aLa caja negra de Darwing :
_bel reto de la bioquímica a la evolución /
_cMichael J. Behe ; traducción de Carlos Gardini
250 _aPrimera edición /
_bdiciembre
264 1 _aSantiago de Chile :
_bEditorial Andrés Bello,
_c1999
300 _a364 páginas :
_bilustraciones ;
_c23 cm
336 _2rdacontent
_atexto
_btxt
337 _2rdamedia
_asin medio
_bn
338 _2rdacarrier
_avolumen
_bnc
650 7 _2armarc
_aEvolución
650 7 _2armarc
_aBioquímica
650 7 _2armarc
_aEvolución química
650 7 _2armarc
_aComposición del cuerpo humano
700 1 _aGardini, Carlos,
_etraductor
765 0 _aBehe, Michael J., 1952-
_dNew York : Simon & Schuster, 1996
_tDarwin's black box.
942 _2ddc
_cLI
_h572.838
_iB4518
999 _c34259
_d34259